| 000 | 00392nam a2200145Ia 4500 | ||
|---|---|---|---|
| 008 | 151213s9999 xx 000 0 und d | ||
| 100 | _aJulan Lovelock | ||
| 245 |
_aDonne : Songs & Sonnets a Case Book _cJulan Lovelock |
||
| 260 |
_aLondon _bMacwilliam _c1973 |
||
| 300 | _a1851 p. | ||
| 650 | _aEnglish Literature | ||
| 650 | _aEnglish Literature | ||
| 700 | _aJulan Lovelock | ||
| 999 |
_c1356 _d1356 |
||